000
00274nam a22001217a 4500
020
_a
818269561-9
082
_a
425
_b
MAN/E
245
_a
EVERYDAY USAGE OF COMMON PHRASES
260
_a
DELHI
_b
BLACK ROSE PUBLICATIONS
300
_a
175
650
_a
PHRASES
_z
DELHI
942
_c
BK
999
_c
3787
_d
3787